000 00330nam a22001457a 4500
008 230508b ||||| |||| 00| 0 eng d
020 _a9781626843264
041 _aeng
080 _2SIXTH EDITION
_a330
082 _a330HUB
100 _a23
101 _aECONOMI
245 _aREAL ESTATE ECONOMICS
_cHUBER.W
942 _2udc
_cBK
999 _c59679
_d59679